Estadísticas para Prueba de Alemania

Haz click aquí para tomar la prueba!

Estadísticas generales

  • Esta prueba ha sido tomada 1.658 veces
  • La puntuación promedio es 12 de 20

Estadísticas de respuestas

PistaRespuesta% Correcto
CapitalBerlin
100%
Alemania en alemánDeutschland
80%
Festival de la cerveza de MúnichOktoberfest
73%
La mejor liga de fútbolBundesliga
72%
Capital financieroFráncfort
72%
El animal que aparece en el escudo de armasÁguila
69%
El equivalente alemán de Primer MinistroCanciller
68%
Múnich es la capital de este estadoBaviera
63%
Los ríos más largos de AlemaniaRin
61%
La moneda antes del EuroMarco alemán
59%
Los ríos más largos de AlemaniaDanubio
55%
Los hermanos que coleccionaban cuentos de hadasGrimm
54%
Aerolínea nacionalLufthansa
53%
El país alemán gobernado por Federico el GrandePrusia
52%
Capital de Alemania Occidental de 1949 a 1990Bonn
49%
El mayor grupo étnico no alemánTurcos
47%
Nombre del parlamento alemánBundestag
42%
Palabra alemana para salchichaWurst
38%
Los ríos más largos de AlemaniaElba
31%
El sistema de carreteras alemánAutobahn
27%

Distribución de puntuación

Porcentaje por número respondido

Porcentaje de gente con cada puntuación

Historial de tus puntuaciones

No has tomado esta prueba